| 000 | 01220cam a2200205 4500 | ||
|---|---|---|---|
| 001 | WB3936-02 | ||
| 008 | 030924n2003 000 0 eng u | ||
| 035 | _a(Sirsi) u123714 | ||
| 245 | _aBREEAM Retail launched by BRE | ||
| 260 | _c2003 | ||
| 490 |
_aBRE News Release _v16 September 2003 (2) |
||
| 520 | _aBRE has launched a new version of BREEAM (Building Research Establishment Environmental Assessment Method) for improving the environmental performance of retail buildings. This latest of a family of environmental assessment schemes can be applied to any retail development at the design stage, tenant fit-out or during occupancy. It has been tailored to the particular characteristics of the sector with its very wide range of building types and functions, the frequency of fitting and refitting and the large quantities of packaging waste involved in its operations. Full details of BREEAM Retail are available at http://www.bre.co.uk/breeam http://www.bre.co.uk/news.jsp?id=160 | ||
| 590 | _aWB | ||
| 650 | _aBREEAM | ||
| 650 | _aENVIRONMENTAL ASSESSMENTS | ||
| 650 | _aRETAIL DEVELOPMENTS | ||
| 650 | _aENVIRONMENTAL PERFORMANCE | ||
| 690 | _aBUILT ENVIRONMENT-SUSTAINABLE CONSTRUCTION | ||
| 942 | _n0 | ||
| 999 |
_c73452 _d73452 |
||